| 000 | 01079nkm a2200313 c 4500 | ||
|---|---|---|---|
| 999 |
_c210172 _d210172 |
||
| 003 | BLK | ||
| 005 | 20200429150723.0 | ||
| 008 | 180412b bul rap|r|||| r0| ||bulo| | ||
| 010 | _aKNG00162828000 | ||
| 020 | _a3-7304-0050-9 | ||
| 040 | _aBLK | ||
| 041 |
_aDEU _cDEU |
||
| 080 |
_aБродиране - Гоблени, бяла и цветна бродерия, апликации и др. _b746.3 _z746.3 |
||
| 100 | 1 |
_aLichnerova, Alzbeta _eпърви автор _916974 |
|
| 139 |
_aLichnerova, Alzbeta _bL 67 _gЛ 70 А |
||
| 245 | 1 | 0 |
_aStick-musterbuch _cAlzbeta Lichnerova. |
| 257 | _aSUN | ||
| 260 |
_bVerl. fur die Frau _c1987 |
||
| 300 |
_a128 p. _bill. _c31 cm |
||
| 380 | _a7 | ||
| 650 | 4 |
_aБродерия - албуми _9343729 |
|
| 653 | _aбродерия | ||
| 653 | _aшевици | ||
| 852 | _aЦб Гр А ІІ 3579 | ||
| 856 | 4 |
_qpdf _u |
|
| 856 | 4 |
_qpdf _u |
|
| 942 |
_cGRA _n0 _s1 |
||
| 944 |
_aCR _c05.07.2014 _l05.07.2014 - от С1,Р / 05.07.2014 _kКамелия_Данева |
||
| 944 |
_aED _c05.07.2014 _l05.07.2014 - от С1,Р / 05.07.2014 |
||
| 999 | _d210172 | ||